|
|
|
|
| LEADER |
00000cam a2200000 i 4500 |
| 001 |
1/27096 |
| 008 |
950724s1991 eng d |
| 020 |
|
|
|a 0471547360 ((paper))
|c $26.95
|
| 035 |
|
|
|l 10022795
|
| 040 |
|
|
|a GR-MY-UA
|b gre
|e aacr
|
| 041 |
0 |
|
|a eng
|
| 082 |
0 |
|
|a 006.6869
|2 (20)
|
| 100 |
1 |
|
|a Weiskamp, Keith.
|
| 245 |
1 |
0 |
|a Power graphics using Turbo Pascal 6 /
|c Keith Weiskamp, Loren Heiny
|
| 260 |
|
|
|a New York :
|b Wiley,
|c c1991
|
| 300 |
|
|
|a xv, 381 p.;
|b ill.;
|c 24 cm
|
| 500 |
|
|
|a Includes index
|
| 650 |
0 |
0 |
|a Computer graphics.
|
| 700 |
1 |
|
|a Heiny, Loren.
|
| 852 |
|
|
|a INST
|b CHIOS
|e 19950724
|h 006.6869 WEI
|p 005200002463
|q 005200002463
|t BK
|y 0
|
| 909 |
|
|
|a Χ
|b 025691
|